Reference work and its tools.

Bibliographic Details
Main Author: Mukherjee, Ajit Kumar
Format: Book
Language:English
Published: Calcutta : The World Press Private, 1964.
Subjects:

MARC

Tag First Indicator Second Indicator Subfields
LEADER 00000cam a2200000 i 4500
001 in00000058867
005 20151008051003.0
008 760322s1964 ii 00000 eng d
035 |a (OCoLC)02061204 
035 |9 AAG4797AM 
040 |a LUU  |c LUU  |d TXA  |d UtOrBLW 
049 |a TXAM  |c [457882] 
090 |a Z1035.1  |b .M8 
100 1 |a Mukherjee, Ajit Kumar. 
245 1 0 |a Reference work and its tools. 
264 1 |a Calcutta :  |b The World Press Private,  |c 1964. 
300 |a ix, 335 pages ;  |c 22 cm. 
336 |a text  |b txt  |2 rdacontent 
337 |a unmediated  |b n  |2 rdamedia 
338 |a volume  |b nc  |2 rdacarrier 
504 |a Bibliography: pages 309-310. 
650 0 |a Reference books  |v Bibliography. 
650 0 |a Reference services (Libraries) 
999 |a MARS 
999 f f |s 8875b0b8-0407-3799-ab9d-ff29a2bc16ef  |i 44b7db67-9fd6-34f4-b422-3275b3973e84  |t 0 
952 f f |p ric  |a Texas A&M University  |b Rellis Campus  |c Joint Library Facility  |d Remote Storage  |t 0  |e Z1035.1 .M8  |h Library of Congress classification  |i unmediated -- volume  |m A14842722770 
998 f f |a Z1035.1 .M8  |t 0  |l Remote Storage